Statistics for Guess The Singer By The Real Name #5

Click here to take the quiz!

General Stats

  • This quiz has been taken 43 times
  • The average score is 3 of 10

Answer Stats

Real NameSinger% Correct
Demetria Devonne
Lovato
Demi Lovato
100%
Samuel Frederick
Smith
Sam Smith
59%
David Robert
Jones
David Bowie
45%
Stevland Hardaway
Morris
Stevie Wonder
31%
Quavious Keyate
Marshall
Quavo
24%
Ramón Luis
Ayala Rodríguez
Daddy Yankee
17%
John Roger
Stephens
John Legend
14%
Sean Michael
Leonard Anderson
Big Sean
10%
Karim KharbouchFrench Montana
10%
Jarad Anthony
Higgins
Juice WRLD
10%

Score Distribution

Percentile by Number Answered

Percent of People with Each Score

Your Score History

You have not taken this quiz